| 000 | 01067nam a2200265 a 4500 | ||
|---|---|---|---|
| 001 | 000007987 | ||
| 005 | 20200929154400.0 | ||
| 008 | 090828s1999 dr c 000 0 spa d | ||
| 020 | _a9993422037 | ||
| 040 | _aDO-SdBNP | ||
| 082 |
_a342.05 _bR332f |
||
| 245 | 0 | 3 |
_aLa función legislativa en la reforma constitucional. / _cexpositor José Darío Suárez Martínez; comentarista Pelegrín Castillo. |
| 260 |
_aSanto Domingo, : _bComisión presidencial para la reforma y modernización del estado., _c1999. |
||
| 300 |
_a133 P. : _bretrs. ; _c21 cm. |
||
| 490 | 0 |
_aConversatorios _v4 |
|
| 490 | 0 |
_aColección Debates Constitucionales _aSerie conversatorios _v4 |
|
| 500 | _a3 de mayo del 1999 | ||
| 650 | 4 |
_aJurisprudencia _zRepública Dominicana _921317 |
|
| 650 | 4 |
_aReformas constitucionales _zRepública Dominicana _98313 |
|
| 700 | 1 |
_aSuárez Martínez, José Darío _eex. _921833 |
|
| 700 | 1 |
_aCastillo, Pelegrín _921834 |
|
| 830 | 0 |
_aConversatorios _v4 _917053 |
|
| 830 | 0 |
_aColección Debates constitucionales _pSerie Conversatorios _v4 _921835 |
|
| 049 | _aBNPD | ||
| 999 |
_c7764 _d7764 |
||